| 000 | 00525nam a2200205Ia 4500 | ||
|---|---|---|---|
| 003 | GCL | ||
| 008 | 140319s9999 xx 000 0 eng d | ||
| 040 |
_aGCL / _cGCL |
||
| 082 | 0 | 4 |
_a822 _bD P |
| 100 | 1 | _aDOSTOEVSKY, FYODOR | |
| 245 | 1 | 0 |
_aTHE POSSESSED / _cDOSTOEVSKY, FYODOR |
| 700 | 1 | _aGARNATT, CONSTANCE | |
| 260 |
_a[S.N] : _bWILLIAM HEINEMANN LTD ، _c1946 |
||
| 300 | _a617 P | ||
| 650 | 0 | 4 | _aENGLISH LITERATURE |
| 650 | 0 | 4 | _aLITERATURE |
| 650 | 0 | 4 | _aFICTION |
| 650 | 0 | 4 | _aRUSSIAN LITERATURE |
| 942 |
_2ddc _cBK |
||
| 999 |
_c19425 _d19425 |
||